|
|
|
|
| LEADER |
00000cam a22000004a 4500 |
| 001 |
musev2_776 |
| 003 |
MdBmJHUP |
| 005 |
20230905040128.0 |
| 006 |
m o d |
| 007 |
cr||||||||nn|n |
| 008 |
100830s2010 cou o 00 0 eng d |
| 010 |
|
|
|z 2010036028
|
| 020 |
|
|
|a 9781607320210
|
| 020 |
|
|
|z 9781607321989
|
| 020 |
|
|
|z 9781607320203
|
| 035 |
|
|
|a (OCoLC)692327524
|
| 040 |
|
|
|a MdBmJHUP
|c MdBmJHUP
|
| 043 |
|
|
|a n-mx---
|a nc-----
|
| 050 |
0 |
4 |
|a F1435.3.R3
|b K63 2010
|
| 082 |
0 |
|
|a 299.7/842024
|2 22
|
| 100 |
1 |
|
|a Knowlton, Timothy W.
|
| 245 |
1 |
0 |
|a Maya Creation Myths :
|b Words and Worlds of the Chilam Balam /
|c Timothy W. Knowlton.
|
| 264 |
|
1 |
|a Boulder :
|b University Press of Colorado,
|c 2010.
|
| 264 |
|
3 |
|a Baltimore, Md. :
|b Project MUSE,
|c 2012
|
| 264 |
|
4 |
|c ©2010.
|
| 300 |
|
|
|a 1 online resource (231 pages):
|b ill. ;
|
| 336 |
|
|
|a text
|b txt
|2 rdacontent
|
| 337 |
|
|
|a computer
|b c
|2 rdamedia
|
| 338 |
|
|
|a online resource
|b cr
|2 rdacarrier
|
| 490 |
0 |
|
|a Mesoamerican worlds : from the Olmecs to the Danzantes
|
| 504 |
|
|
|a Includes bibliographical references (p. 201-222) and index.
|
| 505 |
0 |
|
|a Aspects of ancient Maya intellectual culture -- Clandestine compilations and the colonial dialogue -- Creation and apocalypse : the Katun 11 Ahau myth -- Theogony, cosmology, and language in the ritual of the angels -- The creation of the first people and the origin of suffering -- The calendar and the catechism -- "In whatever way it is chronicled".
|
| 588 |
|
|
|a Description based on print version record.
|
| 630 |
0 |
0 |
|a Chilam Balam de Chumayel (Manuscript)
|
| 650 |
|
0 |
|a Creation
|x Mythology.
|
| 650 |
|
0 |
|a Mayas
|x Religion.
|
| 650 |
|
0 |
|a Maya cosmology.
|
| 650 |
|
0 |
|a Maya mythology.
|
| 655 |
|
7 |
|a Electronic books.
|2 local
|
| 710 |
2 |
|
|a Project Muse.
|e distributor
|
| 830 |
|
0 |
|a Mesoamerican worlds.
|
| 830 |
|
0 |
|a Book collections on Project MUSE.
|
| 856 |
4 |
0 |
|z Texto completo
|u https://projectmuse.uam.elogim.com/book/776/
|
| 945 |
|
|
|a Project MUSE - Custom Collection
|
| 945 |
|
|
|a Project MUSE - 2010 Archaeology and Anthropology
|
| 945 |
|
|
|a Project MUSE - 2010 Complete
|